000
00288nam a2200109Ia 4500
008
190216s9999||||xx |||||||||||||| ||und||
100
_a
"Samir K Barua , Varma Jr, Faghunathan"
245
0
_a
Portfolio Management
260
_b
Tata Mcgrawhill Publishers
_c
2000
300
_a
258p
942
_c
BK
999
_c
6164
_d
6164